• Baroja (Familia)

di Personal Name

Records bibliografici associati: 1

001 - CONTROL NUMBER

  • control field: 7497

003 - CONTROL NUMBER IDENTIFIER

  • control field: IT-RoINE

005 - DATE AND TIME OF LATEST TRANSACTION

  • control field: 20140613132121.0

008 - FIXED-LENGTH DATA ELEMENTS

  • fixed length control field: 140509|| aca||aabn | a|a d

040 ## - CATALOGING SOURCE

  • Original cataloging agency: IT-RoINE
  • Transcribing agency: IT-RoINE

100 ## - HEADING--PERSONAL NAME

  • Personal name: Baroja (Familia)

670 ## - SOURCE DATA FOUND

  • Source citation: Work cat.: (IT-RoINE)3635: Caro Baroja, Julio, 1914-1995 7493, Semblanza de Pío Baroja :, 2011.